000 00946cam a2200265 4500
008 011119n1999 000 0 eng u
020 _a0860225445
035 _a(Sirsi) u115628
050 _a692.5
100 _aNanayakkara, R.
245 _aCost benchmarks for the installation of building services. Part 3 : Protocol for recording building services installation costs
260 _aBracknell
_bBSRIA
_c1999
300 _ax,44p.
350 _a25.00
490 _aBSRIA Application Guide
_vAG 20-3/99
520 _aAims to provide a standard framework for keeping records of the capital costs of building services, and the factors that influence those costs
650 _aBENCHMARKING
650 _aBlock management
_96220
650 _aCOST ANALYSIS
650 _aCOST DATA
690 _aBlock management
_96220
700 _aFitzsimmons, J.
710 _aBuilding Services Research and Information Association
942 _n0
999 _c101781
_d101781